[Event "Pune op 10th"]
[Site "Pune"]
[Date "2024.05.19"]
[Round "3"]
[White "Rohith, N."]
[Black "Neelash, Saha"]
[Result "0-1"]
[WhiteElo "1752"]
[BlackElo "2469"]
[PlyCount "98"]
[EventDate "2024.05.18"]
[EventType "swiss"]
[EventRounds "9"]
[EventCountry "IND"]
[SourceTitle "CB22_2024"]
[SourceDate "2024.05.29"]
[SourceVersion "1"]
[SourceVersionDate "2024.05.29"]
[SourceQuality "1"]

1. d4 e6 2. Nc3 d5 3. Bf4 Nf6 4. Nb5 Na6 5. e3 c6 6. Nc3 Bb4 7. Bxa6 bxa6 8. Nge2 a5 9. a3 Be7 10. Na4 Nd7 11. Qd3 0-0 12. 0-0 Bb7 13. Nc1 c5 14. dxc5 Bc6 15. Nc3 Nxc5 16. Qe2 Bb7 17. Rd1 Ba6 18. Qh5 Qb6 19. Be5 f6 20. Bd4 Qc6 21. Bxc5 Bxc5 22. Nb3 Bb6 23. Nd4 Qe8 24. Qxe8 Rfxe8 25. Na4 Rac8 26. Nxb6 axb6 27. c3 Kf7 28. f3 g6 29. Kf2 e5 30. Ne2 Bc4 31. Rd2 Ke6 32. h4 h5 33. f4 Kf5 34. fxe5 fxe5 35. Kf3 Rf8 36. Ng1 g5 37. hxg5 h4 38. Nh3 Bd3 39. Rad1 Kg6+ 40. Kg4 Rc4+ 41. Nf4+ exf4 42. Rxd3 fxe3+ 43. Rd4 Rxd4+ 44. cxd4 Re8 45. Re1 Re4+ 46. Kf3 Kxg5 47. Rh1 e2 48. Re1 Rxd4 49. g4 Rf4+ 0-1